000 00336 a2200169 4500
001 182918
020 _a
040 _cMagnum
100 _aChaves, Cida
240 1 0 _aÉ tempo de vento
_lpor
245 1 0 _aÉ tempo de vento
300 _a107
362 0 _a1982
440 1 _aModerna
697 _aLITERATURA GERAL
942 _cBK
999 _c182918
_d182918